000 00461nam a2200181 a 4500
001 1758716317992
003 ACL
005 20250924175547.0
008 250924s2008##################000#0#eng##
020 _a9780791096017
082 0 4 _a796.357092
_bROE
100 1 _aRoensch, Greg,
_eauthor.
245 1 0 _aRickey Henderson :
260 _bChelsea House,
_c2008.
650 0 _aAfrican American baseball players.
942 _cENGLISH
040 _aACL
_beng
_cACL
999 _c589454
_d589454